000 00738cam a2200241 4500
001 ABS66880
008 030731n2003 000 0 eng u
035 _a(Sirsi) u123156
245 _aFocus 2003: Mersey and Wirral
260 _c2003
490 _aEstates Gazette
_v(0327) 14 June 2003, 95-131(19)
590 _aABS
650 _aMERSEYSIDE
650 _aWIRRAL
650 _aLIVERPOOL
650 _aLEISURE MARKET
650 _aPROPERTY-COMMERCIAL PROPERTY-RETAIL PROPERTY-RETAIL PROPERTY MARKET
650 _aPROPERTY-COMMERCIAL PROPERTY-OFFICE PROPERTY-OFFICE PROPERTY MARKET
650 _aINDUSTRIAL MARKET
650 _aOCCUPIERS
690 _aPROPERTY-COMMERCIAL PROPERTY-COMMERCIAL PROPERTY MARKET
942 _n0
999 _c73139
_d73139